| 000 | 00340 a2200145 4500 | ||
|---|---|---|---|
| 001 | 59814 | ||
| 020 | _a9783505121357 | ||
| 040 | _cAnchieta - Pituba | ||
| 100 | _aScheffler, Ursel | ||
| 240 | 1 | 0 |
_aTote trinken keine cola _lpor |
| 245 | 1 | 0 | _aTote trinken keine cola |
| 300 | _a143 | ||
| 650 | 4 | _aLiteratura juvenil em alemão | |
| 942 | _cBK | ||
| 999 |
_c59814 _d59814 |
||